Normal view
MARC view
Entry Personal Name
001 - CONTROL NUMBER
- control field: 1237261
003 - CONTROL NUMBER IDENTIFIER
- control field: OSt
005 - DATE AND TIME OF LATEST TRANSACTION
- control field: 20260430150347.0
008 - FIXED-LENGTH DATA ELEMENTS
- fixed length control field: 260430|| aca||aabn | a|a d
040 ## - CATALOGING SOURCE
- Original cataloging agency: OSt
- Transcribing agency: OSt
100 ## - HEADING--PERSONAL NAME
- Personal name: Jaiswal Sumit Au.; Tikoo Anju Vali Gu
670 ## - SOURCE DATA FOUND
- Source citation: Work cat.: (OSt)1849601: Jaiswal Sumit Au.; Tikoo Anju Vali Gu., Genocide: A Critical Appraisal of India’s Existing Legal Regime, 2022
